[Event "GER-chT School WK 2"]
[Site "Playchess.com INT"]
[Date "2020.06.08"]
[Round "1.4"]
[White "Maraschek, Max"]
[Black "Probst, Ilias"]
[Result "0-1"]
[WhiteElo "1511"]
[BlackElo "1882"]
[PlyCount "84"]
[EventDate "2020.06.08"]
[EventType "team-swiss (blitz)"]
[EventRounds "7"]
[EventCountry "GER"]
[SourceTitle "EXT 2021"]
[Source "ChessBase"]
[SourceDate "2020.10.23"]
[SourceVersion "1"]
[SourceVersionDate "2020.10.23"]
[SourceQuality "1"]
[WhiteTeam "Hohe Lessing Gymn"]
[BlackTeam "Weierh Gymn"]
[WhiteTeamCountry "GER"]
[BlackTeamCountry "GER"]

1. e4 d5 2. Nc3 d4 3. Nd5 c6 4. Nf4 e5 5. Nd3 f6 6. Nf3 Be6 7. b3 Nd7 8. c3 c5 9. cxd4 cxd4 10. Bb2 Rc8 11. Rc1 Bd6 12. Be2 Nh6 13. 0-0 0-0 14. h3 Nf7 15. a3 g5 16. Nb4 Bxb4 17. axb4 Nd6 18. d3 Nb5 19. Qd2 Qe7 20. Rc2 Bxb3 21. Rxc8 Rxc8 22. Rc1 Rxc1+ 23. Qxc1 Nb6 24. Ba3 Nxa3 25. Qxa3 Ba4 26. Nd2 a5 27. Qa2+ Qf7 28. Qxf7+ Kxf7 29. Nc4 Nxc4 30. dxc4 axb4 31. Bd3 Bd1 32. Kf1 b3 33. Ke1 Bc2 34. Bxc2 bxc2 35. Kd2 d3 36. f3 Ke7 37. c5 Kd7 38. g4 Kc6 39. Kc1 Kxc5 40. Kd2 Kd4 41. Kc1 Kc3 42. h4 d2# 0-1